[Event "2nd Irena Warakomska Memorial-A"]
[Site "Suwalki"]
[Date "2018.08.05"]
[Round "6"]
[White "Sliwicki, Damian"]
[Black "Rahul, Srivatshav P"]
[Result "1-0"]
[WhiteElo "2220"]
[BlackElo "2388"]
[Annotator "NA"]
[PlyCount "69"]
[EventDate "2018.08.01"]
[EventType "swiss"]
[EventCountry "POL"]
[SourceTitle "playchess.com"]
[Source "ChessBase"]
[SourceQuality "1"]
[TimeControl "40/5400+30:1800+30"]

1. e4 {[%emt 0:00:04]} c5 {[%emt 0:00:00]} 2. Nf3 {[%emt 0:00:19]} e6 {[%emt 0:00:00]} 3. c4 {[%emt 0:00:39]} Nc6 {[%emt 0:00:00]} 4. Nc3 {[%emt 0:00:25]} Nd4 {[%emt 0:00:20]} 5. d3 {[%emt 0:05:32]} Ne7 {[%emt 0:00:37]} 6. Nxd4 {[%emt 0:06:27]} cxd4 {[%emt 0:00:34]} 7. Ne2 {[%emt 0:00:06]} Nc6 {[%emt 0:00:12]} 8. g3 {[%emt 0:01:17]} Rb8 {[%emt 0:00:17]} 9. Bg2 {[%emt 0:00:41]} b5 {[%emt 0:00:25]} 10. O-O {[%emt 0:02:50]} a5 {[%emt 0:13:54]} 11. b3 {[%emt 0:00:52]} Be7 {[%emt 0:10:09]} 12. Kh1 {[%emt 0:05:24]} bxc4 {[%emt 0:04:43]} 13. dxc4 {[%emt 0:01:36]} e5 {[%emt 0:00:54]} 14. f4 {[%emt 0:03:02]} d6 {[%emt 0:01:31]} 15. Ba3 {[%emt 0:00:50]} a4 {[%emt 0:12:35]} 16. Nc1 {[%emt 0:03:58]} axb3 {[%emt 0:09:48]} 17. axb3 {[%emt 0:00:43]} Qb6 {[%emt 0:00:22]} 18. fxe5 {[%emt 0:20:46]} dxe5 {[%emt 0:07:58]} 19. Qh5 {[%emt 0:05:18]} g6 {[%emt 0:04:28]} 20. Qh6 {[%emt 0:02:03]} Bxa3 {[%emt 0:04:32]} 21. Qg7 {[%emt 0:01:31]} Rf8 {[%emt 0:00:43]} 22. Rxa3 {[%emt 0:00:14]} Qc5 {[%emt 0:03:24]} 23. Ra2 {[%emt 0:06:37]} h5 {[%emt 0:08:23]} 24. Nd3 {[%emt 0:10:13]} Qe7 {[%emt 0:00:09]} 25. b4 {[%emt 0:02:07]} Be6 {[%emt 0:06:52]} 26. Nxe5 {[%emt 0:00:13]} Nxe5 {[%emt 0:02:11]} 27. Qxe5 {[%emt 0:00:04]} Qxb4 {[%emt 0:00:07]} 28. Ra6 {[%emt 0:05:27]} Rd8 {[%emt 0:03:26]} 29. Rf6 {[%emt 0:06:54]} Qxc4 {[%emt 0:02:49]} 30. Raxe6+ {[%emt 0:03:34]} fxe6 {[%emt 0:00:02]} 31. Rxe6+ {[%emt 0:00:09]} Kd7 {[%emt 0:00:06]} 32. Re7+ {[%emt 0:00:11]} Kc8 {[%emt 0:00:08]} 33. Bh3+ {[%emt 0:00:21]} Rd7 {[%emt 0:00:50]} 34. Re8+ {[%emt 0:00:39]} Kb7 {[%emt 0:00:28]} 35. Rxf8 {[%emt 0:00:26]} 1-0

[Event "2nd Irena Warakomska Memorial-A"]
[Site "Suwalki"]
[Date "2018.08.05"]
[Round "6"]
[White "Zaika, Daniil"]
[Black "Kuchava, Ana"]
[Result "1-0"]
[WhiteElo "2213"]
[BlackElo "2124"]
[Annotator "NA"]
[PlyCount "67"]
[EventDate "2018.08.01"]
[EventType "swiss"]
[EventCountry "POL"]
[SourceTitle "playchess.com"]
[Source "ChessBase"]
[SourceQuality "1"]
[TimeControl "40/5400+30:1800+30"]

1. d4 {[%emt 0:00:00]} d5 {[%emt 0:00:00]} 2. c4 {[%emt 0:00:00]} e6 {[%emt 0:00:08]} 3. Nf3 {[%emt 0:00:10]} Nf6 {[%emt 0:00:07]} 4. g3 {[%emt 0:00:10]} Bb4+ {[%emt 0:00:05]} 5. Nbd2 {[%emt 0:00:13]} O-O {[%emt 0:00:24]} 6. Bg2 {[%emt 0:04:42]} dxc4 {[%emt 0:16:25]} 7. Qc2 {[%emt 0:08:00]} Nc6 8. e3 a6 9. O-O Bd7 10. Nxc4 Rc8 11. a3 Be7 12. b4 Re8 13. Rd1 b5 14. Nce5 Nxe5 15. Nxe5 Nd5 16. Bb2 a5 17. e4 Nb6 18. bxa5 Na4 19. Rab1 Nxb2 20. Qxb2 Ra8 21. Qc3 c6 22. Nxd7 Qxd7 23. d5 cxd5 24. exd5 Rac8 25. Qb3 exd5 26. Rxd5 Qc7 27. Rxb5 Qc3 28. a6 Qxb3 29. R5xb3 Bc5 30. Rb7 Red8 31. a7 Kf8 32. Bd5 Bxa7 33. Rxf7+ Kg8 34. Rbb7 1-0

[Event "2nd Irena Warakomska Memorial-A"]
[Site "Suwalki"]
[Date "2018.08.05"]
[Round "6"]
[White "Fus, Jakub"]
[Black "Cukrowski, Filip"]
[Result "1/2-1/2"]
[WhiteElo "2210"]
[BlackElo "2404"]
[Annotator "NA"]
[PlyCount "60"]
[EventDate "2018.08.01"]
[EventType "swiss"]
[EventCountry "POL"]
[SourceTitle "playchess.com"]
[Source "ChessBase"]
[SourceQuality "1"]
[TimeControl "40/5400+30:1800+30"]

1. e4 {[%emt 0:00:00]} c5 {[%emt 0:02:06]} 2. Nf3 {[%emt 0:00:00]} Nc6 {[%emt 0:01:34]} 3. Bb5 {[%emt 0:00:26]} d6 {[%emt 0:01:29]} 4. d4 {[%emt 0:04:23]} cxd4 {[%emt 0:00:09]} 5. Qxd4 {[%emt 0:00:08]} a6 {[%emt 0:00:30]} 6. Bxc6+ {[%emt 0:00:19]} bxc6 {[%emt 0:00:05]} 7. O-O {[%emt 0:01:02]} e5 {[%emt 0:01:27]} 8. Qa4 {[%emt 0:01:21]} Qc7 {[%emt 0:03:18]} 9. c4 {[%emt 0:00:51]} Bg4 {[%emt 0:06:38]} 10. Nbd2 {[%emt 0:01:47]} Nf6 {[%emt 0:00:52]} 11. c5 {[%emt 0:01:27]} Nd7 {[%emt 0:03:35]} 12. cxd6 {[%emt 0:00:52]} Bxd6 {[%emt 0:00:07]} 13. h3 {[%emt 0:03:50]} Be6 {[%emt 0:07:04]} 14. Qc2 {[%emt 0:11:09]} Be7 {[%emt 0:13:21]} 15. b3 {[%emt 0:01:07]} O-O {[%emt 0:02:09]} 16. Bb2 {[%emt 0:00:29]} a5 {[%emt 0:03:28]} 17. Rac1 {[%emt 0:14:35]} Rfc8 {[%emt 0:01:50]} 18. Nc4 {[%emt 0:03:42]} f6 {[%emt 0:00:22]} 19. Rfd1 {[%emt 0:01:08]} Nb6 {[%emt 0:13:55]} 20. Nfd2 {[%emt 0:15:12]} a4 {[%emt 0:01:16]} 21. Nxb6 {[%emt 0:00:29]} Qxb6 {[%emt 0:00:56]} 22. Nc4 {[%emt 0:00:20]} Qb5 {[%emt 0:01:14]} 23. Rd3 {[%emt 0:00:50]} axb3 {[%emt 0:01:10]} 24. axb3 {[%emt 0:01:15]} Rd8 {[%emt 0:04:58]} 25. Rxd8+ {[%emt 0:06:08]} Rxd8 {[%emt 0:00:32]} 26. Ba3 {[%emt 0:00:48]} Bxa3 {[%emt 0:17:42]} 27. Nxa3 {[%emt 0:00:06]} Qxb3 {[%emt 0:04:45]} 28. Qxb3 {[%emt 0:00:10]} Bxb3 {[%emt 0:00:06]} 29. Rxc6 {[%emt 0:00:04]} Ra8 {[%emt 0:03:01]} 30. Nb5 {[%emt 0:00:37]} Ba4 {[%emt 0:01:09]} 1/2-1/2

[Event "2nd Irena Warakomska Memorial-A"]
[Site "Suwalki"]
[Date "2018.08.05"]
[Round "6"]
[White "Budrewicz, Krzysztof"]
[Black "Grinev, Valeriy"]
[Result "1/2-1/2"]
[WhiteElo "2203"]
[BlackElo "2416"]
[Annotator "TA"]
[PlyCount "56"]
[EventDate "2018.08.01"]
[EventType "swiss"]
[EventCountry "POL"]
[SourceTitle "playchess.com"]
[Source "ChessBase"]
[SourceQuality "1"]

{[%evp 19,56,-18,-25,-74,-49,-59,-52,-141,-139,-155,-162,-139,-39,-43,-14,-18,-18,-22,16,14,39,0,0,0,0,0,0,0,0,-35,-31,-26,0,0,0,-45,0,0,0]} 1. d4 {RR} Nf6 2. c4 g6 3. Nc3 {[%cal Bb1c3,Bc3a4,Ba4c5][%mdl 32]} d5 4. cxd5 Nxd5 5. Na4 Bg7 6. e4 Nb6 7. Be3 O-O 8. Nf3 Bg4 9. Nc5 Nc6 {D85: Exchange Grünfeld: Unusual White 7th moves and lines with 7 Nf3} 10. d5 (10. Nxb7 Qb8 11. Ba6 Nb4 12. Nc5 Bxf3 13. gxf3 Bxd4 14. Bxd4 Rd8 15. O-O Nxa6 16. Nxa6 Qc8 17. Nxc7 Qxc7 18. Bxb6 axb6 {½-½ (50) Van Wely,L (2676)-Chatalbashev,B (2556) Germany 2016}) 10... Ne5 $1 {LiveBook: 7 Games} 11. Nxb7 Qb8 {Black is better.} 12. Na5 $146 {[#]} ({Predecessor:} 12. Ba6 Nbc4 13. O-O Qc8 14. Bf4 Bxf3 15. gxf3 Qh3 16. Bg3 Nd2 17. Be2 Nxf1 18. Bxf1 {1-0 (31) Koziak,V (2481)-Bedouin,X (2345) Sautron 2013 EXT 2014 [RR]}) 12... Na4 $1 {[%mdl 512]} 13. Be2 {[#]} ({White should play} 13. Nc6 $1 $15 Nxb2 14. Nfxe5 Nxd1 15. Nxb8 Nxe3 16. Nbc6 Nc2+ 17. Kd2 Nxa1 18. Nxg4) (13. Qxa4 Qxb2) 13... Qb4+ $1 $17 ({Much worse is} 13... Nxb2 $6 14. Qb3 $11) 14. Qd2 Qxe4 {Strongly threatening ...Rab8.} 15. Nxe5 Bxe2 (15... Qxg2 $17 16. O-O-O Bxe5) 16. Kxe2 $15 {Nec6 is the strong threat.} Bxe5 17. f3 Qf5 18. Nc6 Bf6 19. Rac1 Nxb2 (19... Rfe8 {is interesting.} 20. b3 Nb6 21. Rc5 Be5 22. g4 Qf6) 20. Qxb2 (20. g4 {feels hotter.} Qc8 21. Kf2 Qa6 22. Rc2 Nd3+ 23. Kg2) 20... Bxb2 21. Nxe7+ Kh8 $1 22. Nxf5 Bxc1 23. Rxc1 gxf5 24. Rxc7 $11 {KRR-KRB} Rfd8 25. Rc5 Rd6 26. Kd3 Ra6 27. Kd4 Rd8 (27... Re8 $5 {[%cal Ra6a4]} 28. Bg5 f6 $15) 28. Bf4 Kg7 {Precision: White = 62%, Black = 51%.} 1/2-1/2

[Event "2nd Irena Warakomska Memorial-A"]
[Site "Suwalki"]
[Date "2018.08.05"]
[Round "6"]
[White "Kokoszczynski, Jan"]
[Black "Schippers, Maurice"]
[Result "1-0"]
[WhiteElo "2187"]
[BlackElo "2303"]
[Annotator "NA"]
[PlyCount "147"]
[EventDate "2018.08.01"]
[EventType "swiss"]
[EventCountry "POL"]
[SourceTitle "playchess.com"]
[Source "ChessBase"]
[SourceQuality "1"]
[TimeControl "40/5400+30:1800+30"]

1. e4 {[%emt 0:00:00]} d5 {[%emt 0:00:00]} 2. exd5 {[%emt 0:00:00]} Qxd5 {[%emt 0:00:00]} 3. Nc3 {[%emt 0:00:00]} Qd6 {[%emt 0:00:02]} 4. d4 {[%emt 0:00:23]} Nf6 {[%emt 0:00:25]} 5. Nf3 {[%emt 0:04:39]} c6 {[%emt 0:02:28]} 6. g3 {[%emt 0:05:05]} Bf5 {[%emt 0:03:07]} 7. Bg2 {[%emt 0:03:18]} g6 {[%emt 0:01:22]} 8. O-O Bg7 {[%emt 0:02:07]} 9. Re1 {[%emt 0:07:41]} O-O {[%emt 0:08:14]} 10. a3 {[%emt 0:08:45]} Qd8 {[%emt 0:14:27]} 11. Bf4 Nbd7 {[%emt 0:00:28]} 12. Qd2 {[%emt 0:01:53]} Nb6 {[%emt 0:04:06]} 13. Rad1 Re8 {[%emt 0:02:10]} 14. h3 {[%emt 0:07:28]} Nbd5 15. Nxd5 {[%emt 0:05:21]} Nxd5 {[%emt 0:01:42]} 16. Bg5 {[%emt 0:05:36]} f6 {[%emt 0:14:14]} 17. g4 Bxc2 18. Qxc2 {[%emt 0:01:17]} fxg5 {[%emt 0:00:39]} 19. Qb3 {[%emt 0:16:33]} Qb6 20. Qxb6 {[%emt 0:00:09]} axb6 {[%emt 0:16:26]} 21. Nxg5 {[%emt 0:03:34]} Nf4 22. Re4 {[%emt 0:00:04]} Nxg2 {[%emt 0:09:07]} 23. Kxg2 {[%emt 0:01:33]} Ra5 {[%emt 0:05:09]} 24. Ne6 {[%emt 0:02:25]} Bf6 {[%emt 0:00:27]} 25. f4 h6 26. Rd2 {[%emt 0:05:46]} Kf7 {[%emt 0:01:57]} 27. Kg3 {[%emt 0:00:57]} g5 {[%emt 0:02:32]} 28. f5 {[%emt 0:11:08]} Rc8 {[%emt 0:01:26]} 29. Kf3 {[%emt 0:00:36]} Rd5 {[%emt 0:02:00]} 30. Ree2 {[%emt 0:02:49]} Rh8 {[%emt 0:01:25]} 31. Ke4 {[%emt 0:01:32]} Rd7 {[%emt 0:01:02]} 32. Rc2 {[%emt 0:02:39]} Ra8 {[%emt 0:02:47]} 33. Rc4 {[%emt 0:02:04]} Ra5 34. Rd2 Rdd5 {[%emt 0:04:23]} 35. Rd3 {[%emt 0:00:41]} Rd6 {[%emt 0:01:02]} 36. b4 {[%emt 0:00:28]} Ra4 37. Nc7 {[%emt 0:02:59]} Rd7 {[%emt 0:01:52]} 38. Ne6 c5 39. dxc5 {[%emt 0:01:19]} Rxd3 {[%emt 0:01:12]} 40. Kxd3 {[%emt 0:00:00]} Rxa3+ {[%emt 0:00:00]} 41. Ke4 b5 42. c6 {[%emt 0:18:27]} bxc6 {[%emt 0:09:00]} 43. Rxc6 {[%emt 0:03:43]} Ke8 {[%emt 0:09:18]} 44. Rb6 {[%emt 0:03:39]} Rxh3 45. Rxb5 Kd7 {[%emt 0:07:14]} 46. Rb8 {[%emt 0:00:36]} Rh1 {[%emt 0:00:45]} 47. b5 {[%emt 0:02:18]} Re1+ 48. Kf3 Kd6 {[%emt 0:00:29]} 49. Rd8+ {[%emt 0:03:17]} Ke5 {[%emt 0:00:14]} 50. Nc5 {[%emt 0:01:51]} Rf1+ 51. Ke3 Re1+ {[%emt 0:01:27]} 52. Kf3 {[%emt 0:00:32]} Rf1+ {[%emt 0:00:17]} 53. Ke2 {[%emt 0:00:06]} Rb1 {[%emt 0:01:48]} 54. b6 {[%emt 0:00:02]} Kf4 {[%emt 0:04:31]} 55. b7 Be5 {[%emt 0:01:21]} 56. Nd3+ {[%emt 0:00:33]} Ke4 {[%emt 0:00:19]} 57. Nxe5 Rxb7 {[%emt 0:01:33]} 58. Nf3 {[%emt 0:03:26]} Rb4 59. Rd7 {[%emt 0:00:31]} Kf4 {[%emt 0:01:03]} 60. Rxe7 {[%emt 0:00:02]} Kxg4 {[%emt 0:01:12]} 61. f6 {[%emt 0:00:29]} Rb2+ {[%emt 0:00:58]} 62. Nd2 Rb8 63. f7 {[%emt 0:01:09]} Rf8 {[%emt 0:00:33]} 64. Ne4 {[%emt 0:00:32]} Kh5 {[%emt 0:00:13]} 65. Nd6 Kg6 {[%emt 0:00:12]} 66. Re8 {[%emt 0:00:50]} Kg7 {[%emt 0:00:05]} 67. Kf3 {[%emt 0:00:20]} h5 68. Kg3 h4+ {[%emt 0:02:34]} 69. Kg4 {[%emt 0:00:47]} h3 {[%emt 0:00:05]} 70. Kxh3 {[%emt 0:00:05]} g4+ {[%emt 0:00:05]} 71. Kxg4 {[%emt 0:00:06]} Rh8 {[%emt 0:00:00]} 72. Rxh8 {[%emt 0:00:12]} Kg6 {[%emt 0:00:00]} 73. Rg8+ {[%emt 0:00:26]} Kh7 74. Kf4 {[%emt 0:00:19]} 1-0

[Event "2nd Irena Warakomska Memorial-A"]
[Site "Suwalki"]
[Date "2018.08.05"]
[Round "6"]
[White "Dzhuguryan, Tygran"]
[Black "Tihonov, Jurij"]
[Result "1/2-1/2"]
[WhiteElo "2178"]
[BlackElo "2385"]
[Annotator "NA"]
[PlyCount "94"]
[EventDate "2018.08.01"]
[EventType "swiss"]
[EventCountry "POL"]
[SourceTitle "playchess.com"]
[Source "ChessBase"]
[SourceQuality "1"]
[TimeControl "40/5400+30:1800+30"]

1. d4 {[%emt 0:00:00]} d6 {[%emt 0:00:00]} 2. e4 {[%emt 0:00:04]} Nf6 {[%emt 0:00:00]} 3. Bd3 {[%emt 0:01:39]} e5 {[%emt 0:05:28]} 4. Nf3 {[%emt 0:09:51]} exd4 {[%emt 0:08:41]} 5. Nxd4 {[%emt 0:00:07]} g6 {[%emt 0:00:28]} 6. O-O {[%emt 0:01:25]} Bg7 {[%emt 0:00:04]} 7. c3 {[%emt 0:17:18]} O-O {[%emt 0:00:34]} 8. Bg5 {[%emt 0:00:27]} h6 {[%emt 0:00:44]} 9. Bh4 {[%emt 0:00:24]} Re8 {[%emt 0:17:38]} 10. Re1 {[%emt 0:01:19]} c5 {[%emt 0:06:03]} 11. Nf3 {[%emt 0:05:15]} Nc6 {[%emt 0:01:18]} 12. Nbd2 {[%emt 0:04:34]} Be6 {[%emt 0:02:24]} 13. h3 {[%emt 0:11:27]} Qb6 {[%emt 0:03:55]} 14. Bxf6 {[%emt 0:04:57]} Bxf6 {[%emt 0:00:00]} 15. Qc2 {[%emt 0:00:17]} Na5 {[%emt 0:12:13]} 16. Re3 {[%emt 0:12:58]} Bg7 {[%emt 0:00:41]} 17. Rae1 {[%emt 0:00:18]} Rac8 {[%emt 0:05:30]} 18. Qb1 {[%emt 0:00:07]} Qd8 {[%emt 0:03:11]} 19. Bb5 {[%emt 0:05:01]} Re7 {[%emt 0:01:21]} 20. Bf1 {[%emt 0:01:53]} a6 {[%emt 0:01:35]} 21. h4 {[%emt 0:00:59]} Re8 {[%emt 0:02:40]} 22. g3 {[%emt 0:02:30]} b5 {[%emt 0:01:21]} 23. Rd1 {[%emt 0:02:51]} Nc6 {[%emt 0:03:36]} 24. a4 {[%emt 0:02:41]} Qb6 {[%emt 0:04:06]} 25. axb5 {[%emt 0:00:07]} axb5 {[%emt 0:00:20]} 26. Kh2 {[%emt 0:00:39]} Bg4 {[%emt 0:08:02]} 27. Rde1 {[%emt 0:03:21]} h5 {[%emt 0:01:12]} 28. Ng5 {[%emt 0:02:15]} Bh6 {[%emt 0:05:14]} 29. f4 {[%emt 0:01:24]} c4 {[%emt 0:01:09]} 30. Bg2 {[%emt 0:01:34]} d5 {[%emt 0:01:16]} 31. e5 {[%emt 0:01:03]} Bxg5 {[%emt 0:00:45]} 32. fxg5 {[%emt 0:00:03]} Bf5 {[%emt 0:00:35]} 33. Qc1 {[%emt 0:01:04]} d4 {[%emt 0:00:21]} 34. cxd4 {[%emt 0:00:11]} Nxd4 {[%emt 0:00:19]} 35. Be4 {[%emt 0:02:41]} Red8 {[%emt 0:00:44]} 36. Bxf5 {[%emt 0:00:57]} Nxf5 {[%emt 0:00:11]} 37. R3e2 {[%emt 0:00:26]} Nd4 {[%emt 0:02:08]} 38. Rg2 {[%emt 0:02:00]} b4 {[%emt 0:00:22]} 39. Qb1 {[%emt 0:00:00]} Qe6 {[%emt 0:00:00]} 40. Qe4 {[%emt 0:00:00]} c3 {[%emt 0:00:00]} 41. bxc3 {[%emt 0:03:23]} bxc3 {[%emt 0:04:42]} 42. Nf3 {[%emt 0:00:08]} Nxf3+ {[%emt 0:00:28]} 43. Qxf3 {[%emt 0:00:02]} Qf5 {[%emt 0:04:34]} 44. e6 {[%emt 0:01:47]} fxe6 {[%emt 0:03:17]} 45. Re5 {[%emt 0:00:02]} Qd3 {[%emt 0:00:12]} 46. Re3 {[%emt 0:03:41]} Qc4 {[%emt 0:06:34]} 47. Rc2 {[%emt 0:00:02]} Qd5 {[%emt 0:12:20]} 1/2-1/2

[Event "2nd Irena Warakomska Memorial-A"]
[Site "Suwalki"]
[Date "2018.08.05"]
[Round "6"]
[White "Zgadzaj, Rafal"]
[Black "Sowul, Bartosz"]
[Result "1/2-1/2"]
[WhiteElo "2154"]
[BlackElo "2257"]
[Annotator "NA"]
[PlyCount "84"]
[EventDate "2018.08.01"]
[EventType "swiss"]
[EventCountry "POL"]
[SourceTitle "playchess.com"]
[Source "ChessBase"]
[SourceQuality "1"]
[TimeControl "40/5400+30:1800+30"]

1. c4 {[%emt 0:00:00]} g6 {[%emt 0:01:37]} 2. g3 {[%emt 0:00:00]} Bg7 {[%emt 0:00:05]} 3. Bg2 {[%emt 0:00:00]} c5 {[%emt 0:00:11]} 4. Nc3 {[%emt 0:00:20]} Nc6 {[%emt 0:00:04]} 5. Nf3 {[%emt 0:01:01]} e5 {[%emt 0:02:47]} 6. O-O {[%emt 0:01:02]} Nge7 {[%emt 0:00:10]} 7. Ne1 {[%emt 0:00:11]} d6 {[%emt 0:00:25]} 8. Nc2 {[%emt 0:00:05]} Be6 {[%emt 0:00:21]} 9. Ne3 {[%emt 0:00:03]} Qd7 {[%emt 0:00:37]} 10. Ned5 {[%emt 0:04:59]} h6 {[%emt 0:01:52]} 11. a3 {[%emt 0:06:37]} O-O {[%emt 0:01:45]} 12. b4 {[%emt 0:09:52]} cxb4 {[%emt 0:10:15]} 13. axb4 {[%emt 0:00:11]} Bxd5 {[%emt 0:00:46]} 14. cxd5 {[%emt 0:07:38]} Nxb4 {[%emt 0:00:29]} 15. Qa4 {[%emt 0:11:31]} Qxa4 {[%emt 0:01:01]} 16. Rxa4 {[%emt 0:00:07]} Na6 {[%emt 0:00:23]} 17. Ba3 {[%emt 0:04:42]} Nc8 {[%emt 0:01:03]} 18. Nb5 {[%emt 0:15:16]} Rd8 {[%emt 0:01:30]} 19. Rc1 {[%emt 0:02:43]} Nb6 {[%emt 0:01:59]} 20. Ra5 {[%emt 0:00:42]} Bf8 {[%emt 0:00:39]} 21. Bh3 {[%emt 0:06:36]} Nc5 {[%emt 0:06:12]} 22. Rxa7 {[%emt 0:14:02]} Rxa7 {[%emt 0:04:53]} 23. Nxa7 {[%emt 0:00:01]} Nxd5 {[%emt 0:00:16]} 24. Bg2 {[%emt 0:04:42]} Nb6 {[%emt 0:02:40]} 25. Nb5 {[%emt 0:01:12]} Nbd7 {[%emt 0:04:59]} 26. e3 {[%emt 0:01:18]} e4 {[%emt 0:01:39]} 27. Nc3 {[%emt 0:02:56]} f5 {[%emt 0:02:33]} 28. f3 {[%emt 0:00:15]} Nd3 {[%emt 0:06:55]} 29. Rb1 {[%emt 0:01:24]} Ra8 {[%emt 0:00:09]} 30. Bb4 {[%emt 0:00:35]} Nxb4 31. Rxb4 {[%emt 0:00:00]} Ra1+ {[%emt 0:11:35]} 32. Nb1 {[%emt 0:03:26]} Nc5 {[%emt 0:03:02]} 33. fxe4 {[%emt 0:00:14]} fxe4 {[%emt 0:00:06]} 34. Bf1 {[%emt 0:00:25]} Ra4 {[%emt 0:20:45]} 35. Rxa4 {[%emt 0:00:35]} Nxa4 {[%emt 0:00:05]} 36. Bc4+ {[%emt 0:00:05]} Kg7 {[%emt 0:02:34]} 37. Bd5 {[%emt 0:00:09]} Nc5 {[%emt 0:00:10]} 38. Nc3 {[%emt 0:00:06]} Kf6 {[%emt 0:00:12]} 39. Nxe4+ {[%emt 0:01:00]} Nxe4 {[%emt 0:00:27]} 40. Bxe4 {[%emt 0:00:00]} b5 {[%emt 0:00:00]} 41. Kf2 {[%emt 0:01:19]} b4 {[%emt 0:00:39]} 42. Bc2 {[%emt 0:01:47]} Be7 {[%emt 0:01:45]} 1/2-1/2

[Event "2nd Irena Warakomska Memorial-A"]
[Site "Suwalki"]
[Date "2018.08.05"]
[Round "6"]
[White "Paprocki, Jaroslaw"]
[Black "Tarun, V Kanth"]
[Result "1/2-1/2"]
[WhiteElo "2143"]
[BlackElo "2102"]
[Annotator "NA"]
[PlyCount "52"]
[EventDate "2018.08.01"]
[EventType "swiss"]
[EventCountry "POL"]
[SourceTitle "playchess.com"]
[Source "ChessBase"]
[SourceQuality "1"]
[TimeControl "40/5400+30:1800+30"]

1. e4 {[%emt 0:00:16]} e6 {[%emt 0:00:00]} 2. d4 {[%emt 0:00:06]} d5 {[%emt 0:00:00]} 3. Nc3 {[%emt 0:00:08]} Bb4 {[%emt 0:00:05]} 4. e5 {[%emt 0:00:08]} c5 {[%emt 0:00:04]} 5. a3 {[%emt 0:00:09]} Bxc3+ {[%emt 0:00:02]} 6. bxc3 {[%emt 0:00:07]} Qc7 {[%emt 0:00:13]} 7. Qg4 {[%emt 0:07:44]} f5 {[%emt 0:00:02]} 8. Qg3 {[%emt 0:01:45]} cxd4 {[%emt 0:03:29]} 9. cxd4 {[%emt 0:00:13]} Ne7 {[%emt 0:00:09]} 10. Bd2 {[%emt 0:10:38]} O-O {[%emt 0:00:27]} 11. Ne2 {[%emt 0:03:42]} b6 {[%emt 0:00:55]} 12. h4 {[%emt 0:25:52]} Kh8 {[%emt 0:21:39]} 13. Bb4 {[%emt 0:15:04]} Rf7 {[%emt 0:15:22]} 14. h5 {[%emt 0:02:04]} Qd7 {[%emt 0:00:30]} 15. Nf4 {[%emt 0:06:06]} Nec6 {[%emt 0:01:16]} 16. c3 {[%emt 0:03:54]} Ba6 {[%emt 0:01:05]} 17. Rc1 {[%emt 0:08:23]} Bxf1 {[%emt 0:00:26]} 18. Kxf1 {[%emt 0:00:04]} Na6 {[%emt 0:06:28]} 19. Qd3 {[%emt 0:00:45]} Nc7 {[%emt 0:09:05]} 20. Nh3 {[%emt 0:05:35]} a5 {[%emt 0:11:36]} 21. Bd6 {[%emt 0:00:16]} Ne8 {[%emt 0:00:10]} 22. Ng5 {[%emt 0:02:13]} Nxd6 {[%emt 0:00:01]} 23. exd6 {[%emt 0:00:06]} Rf6 {[%emt 0:01:29]} 24. c4 {[%emt 0:01:03]} Qxd6 {[%emt 0:03:01]} 25. h6 {[%emt 0:00:31]} g6 {[%emt 0:04:28]} 26. c5 {[%emt 0:01:51]} Qf4 {[%emt 0:03:37]} 1/2-1/2

[Event "2nd Irena Warakomska Memorial-A"]
[Site "Suwalki"]
[Date "2018.08.05"]
[Round "6"]
[White "Jankowiak, Tomasz"]
[Black "Lewtak, Dominik"]
[Result "1-0"]
[WhiteElo "2117"]
[BlackElo "2164"]
[Annotator "NA"]
[PlyCount "83"]
[EventDate "2018.08.01"]
[EventType "swiss"]
[EventCountry "POL"]
[SourceTitle "playchess.com"]
[Source "ChessBase"]
[SourceQuality "1"]
[TimeControl "40/5400+30:1800+30"]

1. e4 {[%emt 0:00:00]} e5 {[%emt 0:00:00]} 2. Nf3 {[%emt 0:00:00]} Nc6 {[%emt 0:00:00]} 3. Bb5 {[%emt 0:00:02]} a6 {[%emt 0:00:00]} 4. Ba4 {[%emt 0:00:03]} Nf6 {[%emt 0:00:04]} 5. O-O {[%emt 0:00:13]} b5 {[%emt 0:00:23]} 6. Bb3 {[%emt 0:00:05]} Bc5 {[%emt 0:00:10]} 7. Re1 {[%emt 0:08:08]} d6 {[%emt 0:00:47]} 8. c3 {[%emt 0:00:41]} O-O {[%emt 0:00:26]} 9. d4 {[%emt 0:00:09]} Bb6 {[%emt 0:00:07]} 10. Be3 {[%emt 0:02:43]} Bg4 {[%emt 0:03:51]} 11. Nbd2 {[%emt 0:15:16]} exd4 {[%emt 0:01:48]} 12. cxd4 {[%emt 0:01:47]} Nxd4 {[%emt 0:00:49]} 13. h3 {[%emt 0:01:39]} Nxb3 {[%emt 0:06:02]} 14. Nxb3 {[%emt 0:04:29]} Bxe3 {[%emt 0:02:21]} 15. Rxe3 {[%emt 0:02:24]} Bh5 {[%emt 0:03:19]} 16. Rc1 {[%emt 0:03:00]} Re8 {[%emt 0:03:47]} 17. g4 {[%emt 0:09:27]} Bg6 {[%emt 0:00:29]} 18. e5 {[%emt 0:00:06]} Ne4 {[%emt 0:04:55]} 19. exd6 {[%emt 0:01:35]} cxd6 {[%emt 0:00:08]} 20. Nfd2 {[%emt 0:02:54]} Qf6 {[%emt 0:08:44]} 21. Nxe4 {[%emt 0:02:59]} Bxe4 {[%emt 0:00:45]} 22. Qe2 {[%emt 0:01:02]} Qf4 {[%emt 0:04:27]} 23. Re1 {[%emt 0:15:27]} f5 {[%emt 0:00:59]} 24. gxf5 {[%emt 0:17:48]} Bc6 {[%emt 0:00:05]} 25. Qg4 {[%emt 0:00:06]} Qxg4+ {[%emt 0:01:42]} 26. hxg4 {[%emt 0:00:05]} Kf7 {[%emt 0:00:04]} 27. Nd4 {[%emt 0:00:45]} Bd5 {[%emt 0:00:49]} 28. Ne6 {[%emt 0:04:22]} Bxe6 {[%emt 0:02:12]} 29. Rxe6 {[%emt 0:00:44]} Rxe6 {[%emt 0:00:04]} 30. Rxe6 {[%emt 0:00:32]} Rd8 {[%emt 0:00:04]} 31. b4 {[%emt 0:03:47]} g6 {[%emt 0:00:06]} 32. Kg2 {[%emt 0:00:45]} gxf5 {[%emt 0:00:22]} 33. gxf5 {[%emt 0:00:02]} d5 {[%emt 0:03:16]} 34. Kf3 {[%emt 0:00:49]} d4 {[%emt 0:00:29]} 35. Ke2 {[%emt 0:00:03]} Re8 {[%emt 0:02:00]} 36. Rxe8 {[%emt 0:00:15]} Kxe8 {[%emt 0:00:09]} 37. Kd3 {[%emt 0:00:06]} Ke7 {[%emt 0:04:06]} 38. Kxd4 {[%emt 0:00:05]} Kf6 {[%emt 0:03:30]} 39. Ke4 {[%emt 0:00:04]} Ke7 {[%emt 0:00:19]} 40. Ke5 {[%emt 0:00:00]} Kf8 {[%emt 0:00:00]} 41. Kf6 {[%emt 0:00:43]} Ke8 {[%emt 0:01:36]} 42. Kg7 {[%emt 0:00:08]} 1-0

[Event "2nd Irena Warakomska Memorial-A"]
[Site "Suwalki"]
[Date "2018.08.05"]
[Round "6"]
[White "Dmochowska, Agnieszka"]
[Black "Oglaza, Oskar"]
[Result "1/2-1/2"]
[WhiteElo "2096"]
[BlackElo "2364"]
[Annotator "NA"]
[PlyCount "94"]
[EventDate "2018.08.01"]
[EventType "swiss"]
[EventCountry "POL"]
[SourceTitle "playchess.com"]
[Source "ChessBase"]
[SourceQuality "1"]
[TimeControl "40/5400+30:1800+30"]

1. e4 c5 2. c3 d5 3. exd5 Qxd5 4. d4 Nc6 5. Nf3 Bf5 6. Be2 cxd4 7. cxd4 Bxb1 8. Rxb1 e6 9. a3 Nf6 10. O-O Bd6 11. Be3 O-O 12. Bd3 h6 13. Qe2 Bc7 14. Rfd1 Qd6 15. Rbc1 Nd5 16. Bb5 Nce7 17. Ne5 Ng6 18. Nf3 Rac8 19. Bd3 Nge7 20. Bd2 Nc6 21. g3 Bb6 22. Bb1 Rfd8 23. Qd3 Nf6 24. Bc3 Qd5 25. Qe3 e5 26. Nxe5 Nxd4 27. Bxd4 Rxc1 28. Qxc1 Bxd4 29. Nd3 Ng4 30. Rf1 Qh5 31. h4 Nxf2 32. Nxf2 Qf3 33. Qd2 Qxg3+ 34. Kh1 Qxh4+ 35. Kg2 Be5 36. Qe3 Qh2+ 37. Kf3 Qh5+ 38. Kg2 Qh2+ 39. Kf3 Rd4 40. Be4 f5 41. Bxb7 Qh5+ 42. Kg2 Rg4+ 43. Nxg4 Qxg4+ 44. Kh1 Qh4+ 45. Kg2 Qg4+ 46. Kh1 Qh4+ 47. Kg2 Qg4+ 1/2-1/2